000 00565nam a22001817a 4500
999 _c186904
_d186904
005 20220322172210.0
010 _aENG-132077
020 _a9789386618221
_c1495
035 _aEN-115609
037 _bDBAD/PUB
082 _a728.30954
100 _aHanda, O.C
245 _aPanorma of Indian Indigenous Architecture/
_cO.C.Handa
260 _aNew Delhi
_bPentagon Press
_c2018
270 _a206, Peacock Lane, Shahpur Jat'
_bNew Delhi
_e110049
_mrajan@pentagonpress.in
300 _a178p
_bIndex
_c24cm(hbk)
942 _2ddc
_cEN
_mHAN
_h728.30954